Lý thuyết mạch

Gíơi thiệu về mạch điện và các phần tử mạch, các phương pháp tính mạch điện không đổi, phương pháp tính mạch có nguồn áp,...

Đã lưu trong:
Bibliografiske detaljer
Hovedforfatter: Nguyễn, Quân
Format: Bog
Sprog:Undetermined
Udgivet: Thành phố Hồ Chí Minh Trường Đại học Bách khoa Thành phố Hồ Chí Minh 1989
Fag:
Tags: Tilføj Tag
Ingen Tags, Vær først til at tagge denne postø!
Thư viện lưu trữ: Trung tâm Học liệu Trường Đại học Cần Thơ
LEADER 00838nam a2200205Ia 4500
001 CTU_37329
008 210402s9999 xx 000 0 und d
020 |c 24000 
082 |a 621.3815 
082 |b Qu121/T.1 
100 |a Nguyễn, Quân 
245 0 |a Lý thuyết mạch 
245 0 |c Nguyễn Quân 
260 |a Thành phố Hồ Chí Minh 
260 |b Trường Đại học Bách khoa Thành phố Hồ Chí Minh 
260 |c 1989 
520 |a Gíơi thiệu về mạch điện và các phần tử mạch, các phương pháp tính mạch điện không đổi, phương pháp tính mạch có nguồn áp,... 
650 |a Electronic circuits,Electronics 
904 |i Nguyễn Quang Điền, Năm 
980 |a Trung tâm Học liệu Trường Đại học Cần Thơ